00849cam a22002537a 4500003000500000005001700005008004100022010001000063011001000073022001400083035001000097040000900107100003200116245016900148260008800317300001900405410000900424490003700433650002200470650002500492700003200517810000900549830003700558CHAP20220817043639.0000327d1998 mx a r 00110 spa d a80555 a81527 a0188-4735 a91999 cCHAP00aBurciaga Verduzco, Ramón.10aCultivo y beneficio de hule :balternativas de inversión rentables para el trópico húmedo mexicanoc/por Ramón Burciaga Verduzco y José Luis Basulto Pitol aMorelia, Mich. :bFideicomisos Instituidos en Relación con la Agricultura,c1998. a68 p. :bilus. aFIRA 0aBoletin informativov; XXX (307)14aCauchoxMéxico.14aCauchoxRendimiento.0 aBasulto Pitol, José Luis. aFIRA0 aBoletin informativov; XXX (307)